• 首页
  • 本馆介绍
  • 公告通知
  • 最新文献
  • 馆藏检索
  • 电子资源
  • 读者导购
  • 参考咨询
  • 我的图书馆
  • 登录
  • 详细信息显示
  • 放入我的书架
  • 预约/预借图书
  • 作者相关作品
  • 分类相关作品
  • 丛书相关作品
  • 出版社相关作品

书目信息

  • 表格格式
  • 工作单格式
  • 卡片格式
题名:
走向新建筑
    
 
作者: 勒·柯布西耶 著 ;杨至德 译
分册:  
出版信息: 南京   江苏科学技术出版社  2014.3
页数: 252页
开本: 24cm
丛书名:
单 册:
中图分类: TU-0
科图分类:
主题词: 建筑美学--Jian Zhu Mei Xue
电子资源:
ISBN: 978-7-5537-2180-4
000 01060nam0 22002651 450
001 350113
005 20161010155706.15
010    @a978-7-5537-2180-4@dCNY42.00
100    @a20140610d2014 em y0chiy50 ea
101 1  @achi@cfre
102    @aCN@b320000
105    @aa z 000yy
106    @ar
200 1  @a走向新建筑@AZou Xiang Xin Jian Zhu@dVers une architecture@f(法) 勒·柯布西耶(Corbusier,Le)著@g杨至德译@zeng
210    @a南京@c江苏科学技术出版社@d2014.3
215    @a252页@c图@d24cm
312    @a英文题名取自封面
330    @a本书作者柯布西耶从1920年起,在其主编的《新精神》杂志上连续发表论文,提倡建筑的革新,走平民化、工业化、功能化的道路,提倡相应的新的建筑美学。这些论文汇集为《走向新建筑》一书,于1923年出版。《走向新建筑》阐释了柯布西耶关于建筑的现代主义思想。
510 1  @aVers une architecture@zeng
606 0  @a建筑美学@AJian Zhu Mei Xue
690    @aTU-0@v5
701  1 @c(法)@a勒·柯布西耶@ALe Ke Bu Xi Ye@c(Le Corbusier)@4著
702  0 @a杨至德@AYang Zhi De@4译
801  0 @aCN@bTANGWEI@20160803
905    @b0888390-4@dTU-0@e133@f5
    
    走向新建筑=Vers une architecture/(法) 勒·柯布西耶(Corbusier,Le)著/杨至德译.-南京:江苏科学技术出版社,2014.3
    252页:图;24cm
    
    
    ISBN 978-7-5537-2180-4:CNY42.00
    本书作者柯布西耶从1920年起,在其主编的《新精神》杂志上连续发表论文,提倡建筑的革新,走平民化、工业化、功能化的道路,提倡相应的新的建筑美学。这些论文汇集为《走向新建筑》一书,于1923年出版。《走向新建筑》阐释了柯布西耶关于建筑的现代主义思想。
●
相关链接 在E读中查询图书 在五车中查询图书 在当当中查询图书 在豆瓣中查询图书


正题名:走向新建筑     索取号:TU-0/133         预约/预借

序号 登录号 条形码 馆藏地/架位号 状态 备注
1 0888390   208883902   第二样本阅览室/ [索取号:TU-0/133] 在馆    
2 0888391   208883911   第三借阅区/ [索取号:TU-0/133] 在馆    
3 0888392   208883920   第三借阅区/ [索取号:TU-0/133] 在馆    
4 0888393   208883939   第三借阅区/ [索取号:TU-0/133] 在馆    
5 0888394   208883948   第三借阅区/ [索取号:TU-0/133] 在馆    
唐山师范学院图书馆 欢迎您!
大连网信软件有限公司© 版权所有